Sự phát triển của từ vựng nữa thế kỷ xx

שמור ב:
מידע ביבליוגרפי
מחבר ראשי: PGS.TS.Hà Quang Năng
פורמט: ספר
שפה:Vietnamese
יצא לאור: KHXH 2009
נושאים:
תגים: הוספת תג
אין תגיות, היה/י הראשונ/ה לתייג את הרשומה!
Thư viện lưu trữ: Mạng thư viện Đại học Đà Nẵng
LEADER 01113cam a22003251a 4500
001 000033831
003 10023
005 20151027000000.0
008 151027s2009 vm 000 vie
041 |a vie 
082 |a HA-N  |b 495.92.306 
100 |a PGS.TS.Hà Quang Năng 
245 |a Sự phát triển của từ vựng nữa thế kỷ xx  |c Pgs.Ts Hà Quang Năng 
260 |a KHXH  |c 2009 
300 |a 16x24cm 
650 |a Sự phát triển của từ vựng nữa thế kỷ xx;Hà Quang Năng 
852 |b Chuyên đề  |c Ngôn ngữ tiếng Việt 1 
OWN |a LNN 
AVA |a UDN50  |b LNN  |d HA-N 495.92.306  |e available  |t Error 5001 Not defined in file expand_doc_bib_avail.  |f 3  |g 0  |h N  |i 0  |k 1 
999 |a From the UDN01 
AVA |a UDN50  |b LNN  |d HA-N 495.92.306  |e available  |t Error 5001 Not defined in file expand_doc_bib_avail.  |f 3  |g 0  |h N  |i 0  |k 1 
TYP |a Monograph 
TYP |a Printed language 
980 |a Mạng thư viện Đại học Đà Nẵng